01274 2200517 4500001002100000008004100021035002000062245009300082100001800175260002800193300002600221020002200247084001400269082000800283650001500291990001500306990001500321990001500336990001500351990001500366990001500381990001500396990001500411990001500426990001500441990001500456990001500471990001500486990001500501990001500516990001500531990001500546990001500561990001500576990001500591990001500606990001500621990001500636990001500651990001500666990001500681990001500696990001500711990001500726990001500741INLIS000000000003310 ind  a0010-1225000131 aBarometer TKA Mapel Wajib ( Bahasa Indonesia, Matematika, Bahasa Inggris )cTIM Edusolve aEdusolve, TIM aJakartabErlanggac2025 a252 hlmc21 x 25,5 cm a978-623-522-815-0 a370 TIM B a370 aPendidikan a19792/B/26 a19793/B/26 a19794/B/26 a19795/B/26 a19796/B/26 a19797/B/26 a19798/B/26 a19799/B/26 a19800/B/26 a19801/B/26 a19802/B/26 a19803/B/26 a19804/B/26 a19805/B/26 a19806/B/26 a19807/B/26 a19808/B/26 a19809/B/26 a19810/B/26 a19811/B/26 a19812/B/26 a19813/B/26 a19814/B/26 a19815/B/26 a19816/B/26 a19817/B/26 a19818/B/26 a19819/B/26 a19820/B/26 a19821/B/26